ORGANIZATION CHANGE THEORY AND PRACTICE (Record no. 22409)

MARC details
000 -LEADER
fixed length control field 00361nam a2200145Ia 4500
008 - FIXED-LENGTH DATA ELEMENTS--GENERAL INFORMATION
fixed length control field 240624s9999 xx 000 0 und d
041 ## - LANGUAGE CODE
Language code of text/sound track or separate title eng
082 ## - DEWEY DECIMAL CLASSIFICATION NUMBER
Classification number 658.406 BUR
100 ## - MAIN ENTRY--PERSONAL NAME
Personal name BURKE W WARNER
245 ## - TITLE STATEMENT
Title ORGANIZATION CHANGE THEORY AND PRACTICE
250 ## - EDITION STATEMENT
Edition statement (3rd ed.)
260 ## - PUBLICATION, DISTRIBUTION, ETC.
Date of publication, distribution, etc. 2012
Place of publication, distribution, etc. New Delhi
Name of publisher, distributor, etc. Sage India
300 ## - PHYSICAL DESCRIPTION
Extent 384 : p.
365 ## - TRADE PRICE
Currency code RS
Price amount 40
Holdings
Withdrawn status Lost status Damaged status Not for loan Home library Current library Shelving location Date acquired Source of acquisition Cost, normal purchase price Full call number Barcode Date last seen Copy number Price effective from Koha item type
        IMTN IMTN Rack 31-A 03/10/2014 AP 395.00 658.406 BUR 22409 06/24/2024 1 06/24/2024 Books
Designed & Maintained by: LRC IMT Nagpur Contact: lrc@imtnag.ac.in© 2024. All Rights Reserved.